|
|
|
|
| LEADER |
00000nam0a2200000 4500 |
| 001 |
297165 |
| 005 |
20231102001000.0 |
| 010 |
|
|
|a 9785769213854
|
| 035 |
|
|
|a (RuTPU)RU\TPU\book\322285
|
| 090 |
|
|
|a 297165
|
| 100 |
|
|
|a 20150605d2014 k y0rusy50 ca
|
| 101 |
0 |
|
|a rus
|
| 102 |
|
|
|a RU
|
| 105 |
|
|
|a a z 001zy
|
| 200 |
1 |
|
|a Биотехнология нуклеотидов: микробиологический синтез
|f В. Ж. Цыренов
|g Восточно-Сибирский государственный университет технологий и управления (ВСГУТУ) ; под ред. А. М. Безбородова
|
| 210 |
|
|
|a Новосибирск
|c Изд-во СО РАН
|d 2014
|
| 215 |
|
|
|a 354 с.
|c ил.
|
| 320 |
|
|
|a Библиогр.: с. 323-351.
|
| 330 |
|
|
|a В монографии рассматриваются пути биосинтеза нуклеотидов и нуклеотидных коферментов у микроорганизмов, их регуляция и взаимосвязь с другими метаболическими путями. Показаны теоретические предпосылки исследования этих путей для сверхсинтеза указанных соединений, а также достижения и перспективы применения прямого биосинтеза и синтеза их предшественников. Приведены конкретные примеры получения нуклеозидфосфатов, нуклеотидных коферментов и аналогов нуклеотидов.Монография предназначена для специалистов в области биотехнологии, микробиологии и биохимии, а также преподавателей и студентов вузов.Табл. 67, ил. 62, библиогр. назв. 650
|
| 606 |
1 |
|
|a Нуклеотиды
|x (биохимия)
|2 stltpush
|3 (RuTPU)RU\TPU\subj\46348
|9 65490
|
| 610 |
1 |
|
|a биотехнологии
|
| 610 |
1 |
|
|a биотехнологические процессы
|
| 610 |
1 |
|
|a метаболизм
|
| 610 |
1 |
|
|a пирофосфат
|
| 610 |
1 |
|
|a нуклеозидфосфаты
|
| 610 |
1 |
|
|a биосинтез
|
| 610 |
1 |
|
|a пуриновые нуклеотиды
|
| 610 |
1 |
|
|a микроорганизмы
|
| 610 |
1 |
|
|a биосинтез
|
| 610 |
1 |
|
|a ферменты
|
| 610 |
1 |
|
|a метаболическая регуляция
|
| 675 |
|
|
|a 577.113
|v 4
|
| 675 |
|
|
|a 579
|v 4
|
| 700 |
|
1 |
|a Цыренов
|b В. Ж.
|g Владимир Жигжитович
|
| 702 |
|
1 |
|a Безбородов
|b А. М.
|4 340
|
| 712 |
0 |
2 |
|a Восточно-Сибирский государственный университет технологий и управления (ВСГУТУ)
|c (г.Улан-Удэ)
|c (2011- )
|2 stltpush
|3 (RuTPU)RU\TPU\col\18711
|
| 801 |
|
1 |
|a RU
|b 63413507
|c 20150605
|
| 801 |
|
2 |
|a RU
|b 63413507
|c 20151009
|g RCR
|
| 900 |
|
|
|a Биотехнология
|
| 942 |
|
|
|c BK
|
| 959 |
|
|
|a 83/20150605
|d 1
|e 610,00
|f ЧЗТЛ:1
|